Delegation of financial powers rules, 1960 (Record no. 490456)

000 -LEADER
fixed length control field 00315cam a22001097a 4500
008 - FIXED-LENGTH DATA ELEMENTS--GENERAL INFORMATION
fixed length control field 180718b1960 xxu||||| |||| 00| 0 eng d
082 ## - DEWEY DECIMAL CLASSIFICATION NUMBER
Classification number L002x5411 As72d
100 ## - MAIN ENTRY--PERSONAL NAME
Personal name Assam. Finance Department
245 ## - TITLE STATEMENT
Title Delegation of financial powers rules, 1960
260 ## - PUBLICATION, DISTRIBUTION, ETC.
Place of publication, distribution, etc. Shillong
Name of publisher, distributor, etc. Finance Department
Date of publication, distribution, etc. 1960
300 ## - PHYSICAL DESCRIPTION
Extent 116p.
Holdings
Withdrawn status Lost status Damaged status Not for loan Permanent Location Current Location Date acquired Full call number Barcode Date last seen Price effective from Koha item type
        Indian Institute of Public Administration Indian Institute of Public Administration 2018-08-04 L002x5411 As72d GG25461 2018-08-04 2018-08-04 GG

Powered by Koha